[Event "Autumn Cup Swiss"]
[Site "Wellington Chess Club"]
[Date "2023.05.18"]
[Round "1.5"]
[White "Howe, Alexander"]
[Black "Asher, Bruce"]
[Result "1-0"]
[WhiteElo "1552"]
[BlackElo "1068"]
[WhiteFideId "4317386"]
[BlackFideId "0"]
[PlyCount "0"]
[EventDate "2023.05.18"]
[SourceDate ""]

1. e4 c5 2. c3 Nc6 3. d4 cxd4 4. cxd4 d5 5. exd5 Qxd5 6. Nf3 Nf6 7. Nc3 Qa5 8.
a3 e6 9. Bd2 Qc7 10. Bb5 Bd7 11. O-O h6 12. Re1 Bd6 13. d5 Nd8 14. Bxd7+ Nxd7
15. Nb5 Qb6 16. Nxd6+ Qxd6 17. Bb4 Qb6 18. dxe6 Nxe6 19. Nd4 Nc5 20. Bxc5 Qxc5
21. Nxe6 fxe6 22. Rxe6+ Kf8 23. Rc1 Qa5 24. Qf3+ Kg8 25. Rce1 Rf8 26. Re8 Rxe8
27. Rxe8+ Kh7 28. Qe4+ g6 29. Qe7# 1-0

[Event "Autumn Cup Swiss"]
[Site "Wellington Chess Club"]
[Date "2023.05.18"]
[Round "1.6"]
[White "Tan, Jin"]
[Black "Darr, Samuel"]
[Result "1-0"]
[WhiteElo "1039"]
[BlackElo "1538"]
[WhiteFideId "4320872"]
[BlackFideId "4306120"]
[PlyCount "0"]
[EventDate "2023.05.18"]
[SourceDate ""]

1. e4 e6 2. d4 d5 3. Nc3 Bb4 4. e5 c5 5. a3 Ba5 6. dxc5 Bxc3+ 7. bxc3 Qa5 8.
Bb2 Nc6 9. Nf3 Nge7 10. Be2 Ng6 11. O-O Qxc5 12. Nd4 Ngxe5 13. f4 Nd7 14. Kh1
O-O 15. Nxc6 bxc6 16. Qd4 Rb8 17. c4 Qxd4 18. Bxd4 c5 19. Bf2 Ba6 20. Rfd1 Rb2
21. Rd2 Rfb8 22. cxd5 Rb1+ 23. Rxb1 Rxb1+ 24. Bd1 Be2 25. Rxe2 Rxd1+ 26. Bg1
Rxd5 27. g3 g6 28. Kg2 a6 29. Kf3 c4 30. c3 Rd3+ 31. Re3 Rd1 32. Bf2 Rh1 33. h4
Ra1 34. Re4 Rxa3 35. Rxc4 Kg7 36. Bd4+ Kh6 37. Rc7 Nb8 38. Rxf7 Nc6 39. Bf6 g5
40. fxg5+ Kg6 41. Rg7+ Kf5 42. g4# 1-0

[Event "Autumn Cup Swiss"]
[Site "Wellington Chess Club"]
[Date "2023.05.18"]
[Round "1.7"]
[White "Qu, Lucas"]
[Black "Hill, Matthew"]
[Result "1-0"]
[WhiteElo "1433"]
[BlackElo "1000"]
[WhiteFideId "4314620"]
[BlackFideId "0"]
[PlyCount "0"]
[EventDate "2023.05.18"]
[SourceDate ""]

1. e4 c5 2. d4 Nf6 3. e5 Nd5 4. c4 Nb4 5. a3 N4c6 6. Nf3 e6 7. d5 exd5 8. cxd5
Nd4 9. Nxd4 cxd4 10. Qxd4 Na6 11. d6 b6 12. b4 Bb7 13. Bc4 Qc8 14. f3 Bc6 15.
Qf4 b5 16. Qxf7+ Kd8 17. Bg5+ 1-0

[Event "Autumn Cup Swiss"]
[Site "Wellington Chess Club"]
[Date "2023.05.18"]
[Round "1.8"]
[White "Holl, Corey"]
[Black "Ulm, Eric"]
[Result "0-1"]
[WhiteElo "1000"]
[BlackElo "1424"]
[WhiteFideId "0"]
[BlackFideId "0"]
[PlyCount "0"]
[EventDate "2023.05.18"]
[SourceDate ""]

1. d4 e6 2. c4 Bb4+ 3. Nc3 Nf6 4. Nf3 d6 5. a3 Bxc3+ 6. bxc3 O-O 7. Bg5 h6 8.
Bh4 b6 9. e3 c5 10. d5 e5 11. Bd3 e4 12. Bxe4 Re8 13. Bc2 Nbd7 14. O-O Ba6 15.
Qd3 Qc7 16. Bxf6 Nxf6 17. h4 Re4 18. Bb3 Rae8 19. g3 Qd7 20. Nd2 Qh3 21. Nxe4
Ng4 22. Rfe1 Qh2+ 23. Kf1 Rxe4 24. Qc2 Rxc4 25. Bxc4 Bxc4+ 26. Qe2 Qh1# 0-1

[Event "Autumn Cup Swiss"]
[Site "Wellington Chess Club"]
[Date "2023.05.18"]
[Round "1.9"]
[White "Sova, Leo"]
[Black "Maling, Ari"]
[Result "1-0"]
[WhiteElo "1420"]
[BlackElo "1000"]
[WhiteFideId "39909204"]
[BlackFideId "0"]
[PlyCount "0"]
[EventDate "2023.05.18"]
[SourceDate ""]

1. e4 e6 2. d4 d5 3. exd5 exd5 4. c4 Nf6 5. Nc3 Be6 6. Nf3 Bb4 7. cxd5 Nxd5 8.
Bd2 Nf6 9. a3 Bd6 10. Be2 Nc6 11. O-O O-O 12. Bg5 Be7 13. Qd3 a6 14. Ne4 Bf5
15. Nxf6+ gxf6 16. Qxf5 fxg5 17. Bd3 Kg7 18. Qxh7+ Kf6 19. Qh6# 1-0

[Event "Autumn Cup Swiss"]
[Site "Wellington Chess Club"]
[Date "2023.05.18"]
[Round "1.10"]
[White "Pollock, Gavin"]
[Black "Hupert, Leo"]
[Result "1-0"]
[WhiteElo "1500"]
[BlackElo "1373"]
[WhiteFideId "0"]
[BlackFideId "0"]
[PlyCount "0"]
[EventDate "2023.05.18"]
[SourceDate ""]

1. e4 e5 2. Nf3 Nc6 3. Bb5 d6 4. d4 Bd7 5. c3 a6 6. Ba4 Bg4 7. Nbd2 b5 8. Bb3
Nf6 9. h3 Bd7 10. Ng5 Be6 11. Nxe6 fxe6 12. Bxe6 exd4 13. Qb3 Qe7 14. Nf3 h6
15. cxd4 Nd8 16. d5 Nxe6 17. dxe6 Nxe4 18. Qd5 Rd8 19. Qh5+ 1-0

[Event "Autumn Cup Swiss"]
[Site "Wellington Chess Club"]
[Date "2023.05.18"]
[Round "1.11"]
[White "Sethuramalingam, Karthik"]
[Black "Ravi, Vrajesh"]
[Result "1-0"]
[WhiteElo "1361"]
[BlackElo "1000"]
[WhiteFideId "4320964"]
[BlackFideId "0"]
[PlyCount "0"]
[EventDate "2023.05.18"]
[SourceDate ""]

1. e4 e5 2. Nf3 Nc6 3. Bc4 Bc5 4. d3 Nf6 5. Nc3 O-O 6. O-O Re8 7. Ng5 Rf8 8.
Be3 Bxe3 9. fxe3 h6 10. Nf3 a6 11. Nd5 Nxd5 12. exd5 b5 13. Bb3 Na5 14. Nxe5
Nxb3 15. axb3 Qe7 16. Ng4 d6 17. e4 Bxg4 18. Qxg4 Qg5 19. Qxg5 hxg5 20. Ra5 f6
21. Rfa1 f5 22. Rxa6 Rxa6 23. Rxa6 fxe4 24. dxe4 Re8 25. Rc6 Rxe4 26. Rxc7 Re1+
27. Kf2 Rb1 28. Rc6 Rxb2 29. Rxd6 Rxc2+ 30. Kg3 Rc3+ 31. Kg4 Rxb3 32. Rb6 Rb4+
33. Kxg5 Rb2 34. g3 Rxh2 35. Rxb5 Rg2 36. g4 Kf7 37. Rb7+ Kf8 38. d6 Ke8 39.
Rxg7 Rd2 40. d7+ Rxd7 41. Rxd7 Kxd7 42. Kg6 Ke6 43. g5 Ke7 44. Kh7 Kf8 45. g6
Ke8 46. g7 Kf7 47. g8=Q+ Ke7 48. Qg6 Kd7 49. Kg7 Ke7 50. Qf6+ Kd7 51. Kf7 Kc7
52. Ke7 Kb7 53. Kd7 Ka7 54. Qb2 Ka6 55. Kc6 Ka5 56. Qb5# 1-0

[Event "Autumn Cup Swiss"]
[Site "Wellington Chess Club"]
[Date "2023.05.18"]
[Round "1.12"]
[White "Stoeveken, Ben"]
[Black "Saglam, Azra Sena"]
[Result "1/2-1/2"]
[WhiteElo "1000"]
[BlackElo "1299"]
[WhiteFideId "0"]
[BlackFideId "4320956"]
[PlyCount "0"]
[EventDate "2023.05.18"]
[SourceDate ""]

1. e4 c5 2. Nf3 e6 3. d4 cxd4 4. Nxd4 Nf6 5. Nc3 d6 6. Bg5 Be7 7. Bxf6 Bxf6 8.
Nf3 Nc6 9. Bc4 O-O 10. Qd2 a6 11. h4 b5 12. Bb3 Bb7 13. h5 h6 14. Rh3 Na5 15.
O-O-O Nxb3+ 16. axb3 Bxc3 17. bxc3 d5 18. Rg3 Kh7 19. e5 Rc8 20. Rh1 Qc7 21.
Kb2 a5 22. Rh4 Rg8 23. Qd3+ Kh8 24. Rf4 Rgf8 25. Nd4 Qxe5 26. Rfg4 Rg8 27. Nxb5
Ba6 28. Qd4 Qxd4 29. Nxd4 Rc7 30. f4 Bc8 31. Rh4 Bd7 32. Rh1 Rb8 33. Kc1
1/2-1/2

[Event "Autumn Cup Swiss"]
[Site "Wellington Chess Club"]
[Date "2023.05.25"]
[Round "2.1"]
[White "Ulm, Eric"]
[Black "Loke, Kayden"]
[Result "0-1"]
[WhiteElo "1424"]
[BlackElo "1964"]
[WhiteFideId "0"]
[BlackFideId "4313186"]
[PlyCount "0"]
[EventDate "2023.05.18"]
[SourceDate ""]

1. e4 e5 2. Nf3 Nf6 3. Nxe5 Nc6 4. Nxc6 dxc6 5. d3 Bc5 6. c3 Bb6 7. Be2 h5 8.
Be3 Bxe3 9. fxe3 Ng4 10. Qd2 Qf6 11. Bf3 Ne5 12. Qe2 Bg4 13. Nd2 O-O-O 14.
O-O-O Nxd3+ 15. Kb1 Bxf3 16. gxf3 c5 17. Nb3 c4 18. Nd4 c5 19. Nb5 a6 20. Na3
b5 21. Rhg1 g6 22. Qg2 Qc6 23. Qg5 Rd7 24. Rg3 Rhd8 25. e5 b4 26. Nxc4 bxc3 27.
Nd6+ Rxd6 28. exd6 Qb5 29. b3 Nb4 30. Rg2 Rxd6 31. Rc1 Qd3+ 32. Ka1 f5 33. a3
Nd5 34. Rgc2 Rb6 35. Ka2 Qb5 36. Rb1 c4 37. b4 a5 38. Qh6 Nxb4+ 39. axb4 Qa4#
0-1

[Event "Autumn Cup Swiss"]
[Site "Wellington Chess Club"]
[Date "2023.05.25"]
[Round "2.2"]
[White "Katkodia, Ali"]
[Black "Sova, Leo"]
[Result "0-1"]
[WhiteElo "1835"]
[BlackElo "1420"]
[WhiteFideId "4321057"]
[BlackFideId "39909204"]
[PlyCount "0"]
[EventDate "2023.05.18"]
[SourceDate ""]

1. e4 e5 2. Nf3 Nc6 3. Bc4 Bc5 4. c3 Nf6 5. d3 h6 6. a4 a5 7. Nbd2 d6 8. h3 O-O
9. O-O Qe7 10. Re1 Be6 11. Bxe6 Qxe6 12. Nh4 Ne7 13. Nf1 Ng6 14. Nf5 d5 15.
N1g3 dxe4 16. dxe4 Rad8 17. Qf3 Rd7 18. Nh5 Nxh5 19. Qxh5 Ne7 20. g4 Rd3 21.
Be3 Bxe3 22. Nxe3 Ng6 23. Ng2 Qf6 24. Re2 Nf4 25. Nxf4 Qxf4 26. Rae1 Rfd8 27.
Re3 Rxe3 28. Rxe3 Rd2 29. Qh4 g5 30. Qg3 Qxg3+ 31. Rxg3 Rxb2 32. Rd3 Rb3 33.
Rd5 Rxc3 34. Rxe5 b6 35. Kg2 Kg7 36. f3 Rc4 37. Re7 Kf6 38. Rd7 Rxa4 39. Rxc7
b5 40. Rc6+ Kg7 41. Kg3 Rc4 42. Ra6 a4 43. Ra5 Rc6 44. Rxb5 Ra6 45. Rb2 Kf6 46.
h4 a3 47. Ra2 Ke5 48. hxg5 hxg5 49. Kf2 Kd4 50. Rd2+ Kc3 51. Rd5 f6 52. e5 fxe5
53. Rxe5 a2 54. Kg3 a1=Q 55. Rxg5 Qg1+ 56. Kf4 Qc1+ 0-1

[Event "Autumn Cup Swiss"]
[Site "Wellington Chess Club"]
[Date "2023.05.25"]
[Round "2.3"]
[White "Hurndell, Robert"]
[Black "Sethuramalingam, Karthik"]
[Result "0-1"]
[WhiteElo "1727"]
[BlackElo "1361"]
[WhiteFideId "4310233"]
[BlackFideId "4320964"]
[PlyCount "0"]
[EventDate "2023.05.18"]
[SourceDate ""]

1. e4 c6 2. Nf3 d5 3. Nc3 d4 $2 4. Ne2 c5 5. c3 Nc6 6. cxd4 cxd4 7. Qa4 Bd7 8.
Nexd4 $18 Nf6 9. Bd3 $6 e6 10. Bb1 $2 Bc5 11. Nxc6 Bxc6 12. Qc4 Qb6 13. d4 $4
Bb4+ 14. Bd2 $2 Bxd2+ 15. Nxd2 Qxb2 16. Nb3 Nxe4 17. Bxe4 Bxe4 18. O-O O-O 19.
Rfe1 $6 Qc2 $2 20. Qb4 $2 Bd5 21. f3 Qg6 22. Qc3 Rac8 23. Qe3 Rc2 24. Re2 Rfc8
25. Nc5 Rxe2 26. Qxe2 b6 27. Ne4 f5 $6 28. Ng3 Bc4 $2 29. Qd2 Rd8 30. Rc1 b5
31. Rd1 e5 $2 32. Qa5 Rd7 33. d5 f4 $2 34. Ne4 Qb6+ 35. Qxb6 axb6 36. d6 { Tbh
I didn't see d6 lol } 36... h6 $6 37. Rd2 Kf7 38. Kf2 Ke6 39. g3 g5 $6 40. gxf4
$6 gxf4 41. h4 Bd5 $5 42. Rb2 Bxe4 $2 43. fxe4 Rxd6 $2 44. Rxb5 Kf6 $6 45. Rb2
Kg6 46. Rb5 Re6 47. Kg2 Kh5 48. Kh3 f3 $5 49. Kg3 f2 50. Kxf2 Kxh4 51. Rb3 Kg4
52. Ke3 h5 53. Rb1 h4 54. Rg1+ Kh5 (54... Kh3 $4) 55. Rh1 Rg6 56. Kf3 Rg3+ 57.
Kf2 Kg4 58. Rc1 Ra3 $2 59. Rg1+ $6 Kf4 60. Ra1 Kxe4 61. Kg2 h3+ 62. Kh2 Kf4 63.
Rf1+ Kg4 64. Rg1+ Kh4 $19 0-1

[Event "Autumn Cup Swiss"]
[Site "Wellington Chess Club"]
[Date "2023.05.25"]
[Round "2.4"]
[White "Shepherd, Blake"]
[Black "Tan, Jin"]
[Result "1-0"]
[WhiteElo "1566"]
[BlackElo "1039"]
[WhiteFideId "0"]
[BlackFideId "4320872"]
[PlyCount "0"]
[EventDate "2023.05.18"]
[SourceDate ""]

1. d4 d5 2. c4 e6 3. Nf3 Nf6 4. g3 Be7 5. Bg2 Nbd7 6. O-O b6 7. Nc3 Bb7 8. Re1
O-O 9. cxd5 exd5 10. Bf4 Re8 11. Rc1 c5 12. dxc5 Bxc5 13. Nb5 Nh5 14. Nc7 Nxf4
15. Nxa8 Nxg2 16. Kxg2 Qxa8 17. Qa4 Bc6 18. Qf4 Re4 19. Qc7 Qb8 20. Qxc6 Nf6
21. a3 a5 22. Nd2 Rd4 23. Nb3 Rc4 24. Rxc4 dxc4 25. Nxc5 bxc5 26. Qxc5 Nd7 27.
Qxc4 Qb7+ 28. Kg1 Qxb2 29. Qc8+ Nf8 30. Qc1 Qe5 31. Qe3 Qd6 32. Qc3 Qd8 33. Rb1
Qd5 34. a4 Qe4 35. Rb8 Qxa4 36. Qc8 Qa1+ 37. Kg2 Qa3 38. Ra8 h6 39. Qd8 a4 40.
Qe8 Qc5 41. Rxa4 Kh7 42. Ra8 Ne6 43. Qxf7 Qd5+ 44. Qf3 Qd7 45. Ra3 Nd4 46. Qe4+
Kg8 47. e3 Ne2 48. Qc4+ Kh7 49. Qxe2 Qb7+ 50. f3 g6 51. Qa2 1-0

[Event "Autumn Cup Swiss"]
[Site "Wellington Chess Club"]
[Date "2023.05.25"]
[Round "2.5"]
[White "Chang, Luke"]
[Black "Qu, Lucas"]
[Result "1-0"]
[WhiteElo "1500"]
[BlackElo "1433"]
[WhiteFideId "0"]
[BlackFideId "4314620"]
[PlyCount "0"]
[EventDate "2023.05.18"]
[SourceDate ""]

1. e4 e5 2. Nf3 Nc6 3. d4 exd4 4. Bc4 Bc5 5. c3 Nf6 6. e5 Ng4 7. cxd4 Bb4+ 8.
Nc3 h6 9. h3 d5 10. Bb5 Nxe5 11. Nxe5 O-O 12. Nxc6 bxc6 13. Bxc6 Rb8 14. O-O
Ba6 15. Re1 Qd6 16. Ba4 c5 17. dxc5 Qxc5 18. Be3 Qa5 19. Bb3 Rfd8 20. Bd4 Bc4
21. Qg4 g6 22. Bc2 Qa6 23. h4 Bb5 24. Nxb5 Bxe1 25. Rxe1 Rxb5 26. Bd3 Qa5 27.
Bc3 Qb6 28. Bxb5 Qxb5 29. Qd4 f6 30. Qxf6 Qd7 31. Re7 1-0

[Event "Autumn Cup Swiss"]
[Site "Wellington Chess Club"]
[Date "2023.05.25"]
[Round "2.6"]
[White "Tanoi, Edward"]
[Black "Pollock, Gavin"]
[Result "1-0"]
[WhiteElo "1984"]
[BlackElo "1500"]
[WhiteFideId "4302087"]
[BlackFideId "0"]
[PlyCount "0"]
[EventDate "2023.05.18"]
[SourceDate ""]

1. d4 Nf6 2. Nf3 g6 3. Nc3 Bg7 4. Bg5 d5 5. Qd2 h6 6. Bh4 Nbd7 7. e3 a6 8. a4
c5 9. Be2 O-O 10. O-O cxd4 11. exd4 Ne4 12. Nxe4 dxe4 13. Ne1 f5 14. a5 $5 {a
dubious  continuation but entirely consistent with my personal taste. The
problem with embarking  on such risky ventures is not emerging victorious on
the other side. However, I  don't think that was ever a good enough reason for
why I play chess the way I do.  Wild losses are a far more memorable than
boring wins. } 14... g5 15. Bc4+ Kh7 16. Bxg5 hxg5 17. Qxg5 Nf6 18. Ra3 e6 19.
Rh3+ Kg8 20. c3 Kf7 21. Rg3 Rg8 22. Qxf5 Qc7 23. b3 Ke7 24. Qg5 Bd7 25. Nc2 Bh8
26. Qh4 Qxa5 27. Ne3 Rxg3 28. Qxg3 Rg8 29. Qh3 Qg5 30. f4 exf3 31. Qxf3 Bc6 32.
Qe2 b5 33. d5 Nxd5 34. Bxd5 Bxd5 35. Rf5 $4 exf5 {oops! } 36. Nxd5+ Kd6 37. Ne3
Be5 38. Qd3+ Ke6 39. h4 Qf4 40. Qd5+ Kf6 41. Qc6+ Kf7 42. Qd7+ Kg6 43. Qe6+ Kh7
44. Qf7+ Rg7 45. Qh5+ Qh6 46. Qxf5+ Rg6 47. Qxe5 Qxh4 48. Qc7+ Rg7 $4 49. Qxg7+
$1 Kxg7 50. Nf5+ Kf6 51. Nxh4 a5 52. Kf2 a4 53. bxa4 bxa4 54. Nf3 a3 55. Nd4
Ke5 56. Ke2 Kd5 57. Nc2 a2 58. Nb4+ Kc4 {Yep, more memorable  than boring wins.
But not more memorable than wild wins! 59.Nxa2 1-0} 1-0

[Event "Autumn Cup Swiss"]
[Site "Wellington Chess Club"]
[Date "2023.05.25"]
[Round "2.7"]
[White "Hall, Nathan"]
[Black "Aldridge, Alan"]
[Result "1-0"]
[WhiteElo "1922"]
[BlackElo "1795"]
[WhiteFideId "4306821"]
[BlackFideId "4301528"]
[PlyCount "0"]
[EventDate "2023.05.18"]
[SourceDate ""]

1. e4 e5 2. Nf3 Nc6 3. Bc4 Bc5 4. c3 Nf6 5. d4 exd4 6. e5 d5 7. Bb5 Ne4 8. cxd4
Bb4+ 9. Nbd2 Bd7 10. Qa4 Nxd2 11. Bxd2 Bxd2+ 12. Nxd2 Qg5 13. g3 O-O 14. f4 Qg4
15. Bxc6 Bxc6 16. Qb4 a5 17. Qc5 Ra6 18. O-O Rb6 19. b3 Rd8 20. Rf2 a4 21. f5
Bb5 22. Qxc7 1-0

[Event "Autumn Cup Swiss"]
[Site "Wellington Chess Club"]
[Date "2023.05.25"]
[Round "2.8"]
[White "Keith, Matthew"]
[Black "Carlyle, Mathieson"]
[Result "1-0"]
[WhiteElo "1796"]
[BlackElo "1620"]
[WhiteFideId "4320913"]
[BlackFideId "4317181"]
[PlyCount "0"]
[EventDate "2023.05.18"]
[SourceDate ""]

1. Nf3 Nf6 2. c4 d5 3. d4 e6 4. Nc3 Be7 5. Bg5 b6 6. e3 Bb7 7. Bxf6 gxf6 8.
cxd5 exd5 9. Bb5+ Kf8 10. Bd3 Ba6 11. Nh4 Bxd3 12. Qxd3 c6 13. Nf5 Nd7 14. Qe2
Rg8 15. Qh5 Ke8 16. Qxh7 Rxg2 17. Rc1 Bf8 18. Ne2 Rc8 19. Nf4 Rg5 20. h4 Rg4
21. Ne6 fxe6 22. Qh5+ 1-0

[Event "Autumn Cup Swiss"]
[Site "Wellington Chess Club"]
[Date "2023.05.25"]
[Round "2.9"]
[White "Fairbrother, Rebecca"]
[Black "Stoeveken, Peter"]
[Result "0-1"]
[WhiteElo "959"]
[BlackElo "1774"]
[WhiteFideId "0"]
[BlackFideId "4304098"]
[PlyCount "0"]
[EventDate "2023.05.18"]
[SourceDate ""]

1. e4 c5 2. Bc4 Nc6 3. Nf3 d6 4. O-O Nf6 5. Nc3 Bg4 6. d3 a6 7. Bg5 e6 8. Qe2
Nd4 9. Qd1 h6 10. Bf4 Nh5 11. Bxe6 Nxe6 12. g3 Nexf4 13. Qe1 Bxf3 14. e5 Nh3#
0-1

[Event "Autumn Cup Swiss"]
[Site "Wellington Chess Club"]
[Date "2023.05.25"]
[Round "2.10"]
[White "Hupert, Leo"]
[Black "Moses, Christopher"]
[Result "0-1"]
[WhiteElo "1373"]
[BlackElo "1500"]
[WhiteFideId "0"]
[BlackFideId "0"]
[PlyCount "0"]
[EventDate "2023.05.18"]
[SourceDate ""]

1. e4 c6 2. d4 d5 3. e5 c5 4. c3 Nc6 5. Nf3 cxd4 6. cxd4 Bg4 7. Nbd2 Qa5 8. Be2
Bxf3 9. Bxf3 Nxd4 10. O-O e6 11. Nb3 Nxf3+ 12. Qxf3 Qc7 13. Be3 Qxe5 14. Bc5
Bd6 15. Bxd6 Qxd6 16. Rfe1 Nf6 17. Qg3 Qxg3 18. hxg3 Rc8 19. f3 b6 20. g4 O-O
21. Nd4 a6 22. Rac1 Rc5 23. Nc6 Kh8 24. Ne5 h6 25. f4 Ne4 26. Nd7 Rxc1 27. Rxc1
Rd8 28. Rc7 d4 29. Ne5 Nd6 30. Kf1 Kg8 31. Nc6 Nb5 32. Nxd8 Nxc7 33. Ke2 Nd5
34. g3 d3+ 35. Kxd3 Nb4+ 36. Kd2 Nxa2 37. Nc6 g5 38. Kc2 a5 39. Kb1 Nb4 40.
Nxb4 axb4 41. Kc2 f5 42. fxg5 hxg5 43. gxf5 exf5 44. Kd3 Kf7 45. Ke3 Ke6 46.
Kd4 Kd6 47. b3 b5 48. g4 fxg4 49. Ke3 Kd5 50. Kf2 Kd4 51. Kg3 Kc3 52. Kxg4 Kxb3
53. Kxg5 Kc2 54. Kf4 b3 0-1

[Event "Autumn Cup Swiss"]
[Site "Wellington Chess Club"]
[Date "2023.05.25"]
[Round "2.11"]
[White "Hill, Matthew"]
[Black "Hill, Ethan"]
[Result "0-1"]
[WhiteElo "1000"]
[BlackElo "1252"]
[WhiteFideId "0"]
[BlackFideId "4321120"]
[PlyCount "0"]
[EventDate "2023.05.18"]
[SourceDate ""]

1. c4 d5 2. Nf3 d4 3. d3 Nc6 4. a3 e5 5. Nbd2 Nf6 6. e4 h5 7. h3 Nd7 8. Nb3 a5
9. Ng5 a4 10. Nd2 Nc5 11. b3 Qxg5 12. b4 Ne6 13. g3 h4 14. Nf3 Qf6 15. Rg1 hxg3
16. fxg3 Bd7 17. h4 Na7 18. Bh3 g6 19. Rf1 Qg7 20. Ra2 f6 21. Raf2 g5 22. Bf5
gxh4 23. Nxh4 Ng5 24. Bxg5 fxg5 25. Ng6 Bxf5 26. exf5 Rh3 27. Rg1 Nc6 28. b5
Ne7 29. f6 Qxg6 30. fxe7 Bxe7 31. Qe2 e4 32. dxe4 Bxa3 33. Qg4 Bb4+ 34. Kd1 Qh5
35. Qxh5+ Rxh5 36. Rgf1 Rh3 37. Rf5 Rxg3 38. Re5+ Be7 39. Rh1 Kd7 40. Rd5+ Ke6
41. Rh6+ Bf6 42. Rxd4 a3 43. e5 Kxe5 44. Rd5+ Ke6 45. Rh1 a2 46. Re1+ Kf7 47.
Rd7+ Kg6 48. Kd2 Bc3+ 0-1

[Event "Autumn Cup Swiss"]
[Site "Wellington Chess Club"]
[Date "2023.05.25"]
[Round "2.12"]
[White "Maling, Ari"]
[Black "Chaturvedi, Vivaan"]
[Result "1-0"]
[WhiteElo "1000"]
[BlackElo "1243"]
[WhiteFideId "0"]
[BlackFideId "0"]
[PlyCount "0"]
[EventDate "2023.05.18"]
[SourceDate ""]

1. d4 Nf6 2. c4 g6 3. Nc3 Bg7 4. Nf3 d6 5. Bg5 O-O 6. e4 Nbd7 7. Bd3 e5 8. d5
Nc5 9. Bc2 Bd7 10. O-O c6 11. b4 Na6 12. Rb1 Rc8 13. Bd3 Nc7 14. Re1 b5 15. c5
dxc5 16. bxc5 cxd5 17. exd5 Bg4 18. Be4 Qd7 19. Nxe5 Bxd1 20. Nxd7 Nxd7 21.
Nxd1 Nxc5 22. Bf3 Rce8 23. Rxe8 Rxe8 24. Ne3 Ne4 25. Bxe4 Rxe4 26. d6 Ne6 27.
Rxb5 Rd4 28. Rb8+ Bf8 29. Be7 h5 30. h4 Kg7 31. Bxf8+ Nxf8 32. Rd8 Ne6 33. Rd7
Kf6 34. Nc2 Rd2 35. Nb4 a5 36. Nc6 Rxa2 37. Ra7 Rd2 38. d7 a4 39. Kf1 a3 40.
Ke1 Rd6 41. Nb4 Nf4 42. Ra6 Rxa6 43. d8=Q+ Kf5 44. Nxa6 a2 45. Qa5+ Kf6 46.
Qxa2 Nxg2+ 47. Ke2 Nxh4 48. Qb2+ Kg5 49. Qd2+ Kf6 50. Qf4+ Nf5 51. Kf3 g5 52.
Qc7 g4+ 53. Kf4 Kg6 54. Qc2 1-0

[Event "Autumn Cup Swiss"]
[Site "Wellington Chess Club"]
[Date "2023.05.25"]
[Round "2.13"]
[White "Ravi, Vrajesh"]
[Black "He, Zachary"]
[Result "0-1"]
[WhiteElo "1000"]
[BlackElo "1069"]
[WhiteFideId "0"]
[BlackFideId "4320905"]
[PlyCount "0"]
[EventDate "2023.05.18"]
[SourceDate ""]

1. e4 e6 2. Nf3 d5 3. exd5 exd5 4. Bb5+ Bd7 5. Bxd7+ Nxd7 6. O-O Ngf6 7. Nc3
Bd6 8. Re1+ Be7 9. Qe2 Nc5 10. Qb5+ c6 11. Qe2 Nfe4 12. Nxe4 dxe4 13. Ng5 Bxg5
14. d3 O-O 15. dxe4 Re8 16. Bxg5 Qxg5 17. Qe3 Qxe3 18. Rxe3 Nxe4 19. f3 Nd6 20.
Rxe8+ Rxe8 21. Rd1 Nc4 22. b3 Ne3 23. Rd7 Nxc2 24. Rxb7 a5 25. Ra7 f6 26. Rxa5
Re2 27. Ra8+ Kf7 28. Ra7+ Re7 29. Rxe7+ Kxe7 30. a4 Nb4 31. a5 Kd6 32. f4 f5
33. Kf2 Kd5 34. Kg3 Kd4 35. Kh4 Kc3 36. Kg5 Kxb3 37. Kxf5 c5 38. Ke5 c4 39. Kd4
c3 40. Ke3 Kb2 41. Ke2 c2 42. Kd2 c1=Q+ 0-1

[Event "Autumn Cup Swiss"]
[Site "Wellington Chess Club"]
[Date "2023.05.25"]
[Round "2.14"]
[White "Asher, Bruce"]
[Black "Symon, Christopher"]
[Result "0-1"]
[WhiteElo "1068"]
[BlackElo "1855"]
[WhiteFideId "0"]
[BlackFideId "0"]
[PlyCount "0"]
[EventDate "2023.05.18"]
[SourceDate ""]

1. d4 f5 2. Nf3 Nf6 3. e3 e6 4. b3 d5 5. c4 c6 6. Nc3 Bd6 7. Ne5 Nbd7 8. Nxd7
Bxd7 9. h3 Bb4 10. Bd2 Rf8 11. Bd3 Bxc3 12. Bxc3 Qc7 13. Qf3 O-O-O 14. O-O Be8
15. Qg3 Qe7 16. Qh4 Rg8 17. f4 h6 18. Be2 g5 19. fxg5 hxg5 20. Qe1 Bh5 21. Bxh5
Nxh5 22. g4 fxg4 23. hxg4 Nf6 24. Qe2 Ne4 25. Bd2 Qc7 26. Qg2 Rh8 27. Rf3 Rh7
28. Raf1 Qe7 29. cxd5 exd5 30. Rf5 Rdh8 31. b4 Nxd2 32. Qxd2 Rh1+ 33. Kf2 R1h2+
34. Ke1 Rxd2 35. Kxd2 Qxb4+ 36. Kd1 Qb1+ 37. Ke2 Rh2+ 38. R1f2 Qxa2+ 39. Ke1
Qb1+ 40. Kd2 Rxf2+ 41. Rxf2 Qe4 42. Rf5 Qxg4 43. Rf8+ Kc7 44. Rf7+ Qd7 45.
Rxd7+ Kxd7 0-1

[Event "Autumn Cup Swiss"]
[Site "Wellington Chess Club"]
[Date "2023.05.25"]
[Round "2.15"]
[White "Scott, Callum"]
[Black "Askew, Felix"]
[Result "1-0"]
[WhiteElo "1577"]
[BlackElo "1000"]
[WhiteFideId "0"]
[BlackFideId "0"]
[PlyCount "0"]
[EventDate "2023.05.18"]
[SourceDate ""]

1. e4 e5 2. Nf3 Nc6 3. Bb5 Nd4 4. Bc4 c6 5. Nxe5 Qg5 6. Nxf7 Qxg2 7. d3 Qxh1+
8. Kd2 Nf3+ 9. Ke2 Qxd1+ 10. Kxd1 b5 11. Bb3 Nd4 12. Nxh8 Nxb3 13. axb3 Nh6 14.
Nd2 Ng4 15. Nf3 Nxf2+ 16. Ke2 Ng4 17. Bf4 d6 18. Rg1 Be7 19. h3 Nf6 20. Rxg7
Kf8 21. Bh6 Bd8 22. Rxa7+ Ke8 23. Rxa8 Be6 24. Bg5 Kd7 25. Rxd8+ Kxd8 26. Bxf6+
Ke8 27. Ng5 Bg8 28. Ke3 h6 29. Nf3 Bh7 30. Kd4 b4 31. e5 d5 32. Kc5 Kd7 33. Nf7
Be4 34. Nd4 Bg6 35. e6+ Ke8 36. Nd6+ Kf8 37. Nxc6 Bf7 38. exf7 d4 39. Ne5 h5
40. Nd7# 1-0

[Event "Autumn Cup Swiss"]
[Site "Wellington Chess Club"]
[Date "2023.05.25"]
[Round "2.16"]
[White "Howe, Alexander"]
[Black "van Laanen, Bas"]
[Result "1-0"]
[WhiteElo "1552"]
[BlackElo "1000"]
[WhiteFideId "4317386"]
[BlackFideId "0"]
[PlyCount "0"]
[EventDate "2023.05.18"]
[SourceDate ""]

1. e4 d5 2. exd5 Qxd5 3. Nc3 Qa5 4. Nf3 Nf6 5. d4 c6 6. Bd3 Bg4 7. h3 Bh5 8.
O-O e6 9. Bd2 Qc7 10. Re1 Be7 11. Ne4 Nbd7 12. Ng3 Bg6 13. Bxg6 hxg6 14. Qe2
Bd6 15. Ne4 Nxe4 16. Qxe4 O-O-O 17. a4 Nf6 18. Qe2 a5 19. c3 Qb6 20. Reb1 Rde8
21. b4 Nd5 22. bxa5 Qxa5 23. c4 Nf4 24. Qe4 Qf5 25. Qxf5 exf5 26. a5 Re4 27.
Be3 Ne2+ 28. Kf1 Nc3 29. Rb3 f4 30. Rxc3 fxe3 31. Rxe3 Rxe3 32. fxe3 Re8 33.
Kf2 Kc7 34. c5 Be7 35. Ne5 Bh4+ 36. Kf3 Rf8 37. a6 bxa6 38. Rxa6 g5 39. Rxc6+
Kb7 40. Rb6+ Kc7 41. g3 g4+ 42. Kxg4 Bf6 43. Nd3 Re8 44. Nf4 Re4 45. Kf3 Re8
46. Nd5+ Kd7 47. Nxf6+ 1-0